El mejor alcalde, el rey /

Guardado en:
Autor Principal: Vega Carpio Lope, Felix De
Formato: Libro
Publicado: Buenos Aires : Kapelusz, 1966
Edición:2a. ed.
Materias:
Etiquetas: Agregar Etiqueta
Sin Etiquetas, Sea el primero en etiquetar este registro!
LEADER 01210nam a22003015a 4500
001 CEM.cems006487
005 20060214000000.0
008 130507s1966##################000#0#####d
003 CEMS
082 0 4 |a 862.3 
100 1 |a Vega Carpio Lope, Felix De 
245 1 0 |a El mejor alcalde, el rey / 
250 |a 2a. ed. 
260 |a Buenos Aires :  |b Kapelusz,  |c 1966 
300 |a 93 p. 
653 |a Literatura 
653 |a Teatro 
653 |a Teatro español-siglo de oro 
859 |a CEMS  |b BIB. CEMS - 11 de abril  |h 862.3  |i V522a2  |p 4014.75  |t Ej.10 
859 |a CEMS  |b BIB. CEMS - 11 de abril  |h 862.3  |i V522a2  |p 4015.75  |t Ej.1 
859 |a CEMS  |b BIB. CEMS - 11 de abril  |h 862.3  |i V522a2  |p 4016.75  |t Ej.2 
859 |a CEMS  |b BIB. CEMS - 11 de abril  |h 862.3  |i V522a2  |p 4017.75  |t Ej.3 
859 |a CEMS  |b BIB. CEMS - 11 de abril  |h 862.3  |i V522a2  |p 4018.75  |t Ej.4 
859 |a CEMS  |b BIB. CEMS - 11 de abril  |h 862.3  |i V522a2  |p 4019.75  |t Ej.5 
859 |a CEMS  |b BIB. CEMS - 11 de abril  |h 862.3  |i V522a2  |p 4020.75  |t Ej.6 
859 |a CEMS  |b BIB. CEMS - 11 de abril  |h 862.3  |i V522a2  |p 4021.75  |t Ej.7 
859 |a CEMS  |b BIB. CEMS - 11 de abril  |h 862.3  |i V522a2  |p 4022.75  |t Ej.8 
859 |a CEMS  |b BIB. CEMS - 11 de abril  |h 862.3  |i V522a2  |p 4044.75  |t Ej.9